Регионална библиотека "Любен Каравелов" - Русе

Плувец между акулите (Запис номер 15332)

MARC детайли
000 -Лидер
Контролно поле с фиксирана дължина 01398nam a2200325 c 4500
003 - Код на организацията, давaща контролен номер
Контролно поле BLK
005 - Дата и час на последна редакция
Контролно поле 20180420215038.0
008 - Елементи от данни с фиксирана дължина
fixed length control field 180413b bul|||||r ||||||| ||bul||
010 ## - Наследен системен номер
LC control number KNG00017108000
020 ## - Международен стандартен номер на книга ISBN
Международен стандартен номер на книга ISBN 954-8540-04-5
-- издат.: Перл ПП
040 ## - Източник на каталожния запис
Идентификатор на билиотеката - собственик на записа BLK
041 ## - Код за език
Код за езика на текст/звукозапис или на отделно заглавие Български
Код за езика КДБФ Български
080 ## - УДК
Текстов определител УДК Икономическо положение. Икономическа политика. Управление. Планиране. Производство. Услуги. Цени
УДК код - определител по УДК 338
УДК определител (035)
УДК - код + определител 338(035)
100 1# - Редна дума - Автор
Автор Дерменджиев, Александър Т.
Авторска отговорност първи автор
R(LIN) 260139
139 ## - Редно поле
Редна дума Дерменджиев, Александър Т.
Авторски знак Дер - Д 44
245 10 - Сведения за заглавието
Заглавие Плувец между акулите
Подзаглавни данни Или как да станеш финансово независим при новия световен ред
Редно поле (дума) Александър Т. Дерменджиев.
257 ## - Страна на издаване
Страна на създаване/издаване България
260 ## - Област на издателските данни
-- Бургас
Име на издателя, разпространителя и проч. Перл ПП
Година на издаване 1996
Печатница Ямбол : Светлина
300 ## - Физическа характеристика
Страници 80 с.
Размери/Мащаб 20 см
380 ## - Жанр
Жанр Обществени науки
500 ## - Общи забележки
Забележка Офс. изд. -2 000 тир.
650 #4 - Допълнително описание по предмет – тема
Основно описание – тема или топоним Бизнес - наръчници и ръководства
9 (RLIN) 260140
653 ## - Ключова дума – ненормативна
Ключова дума бизнес
653 ## - Ключова дума – ненормативна
Ключова дума ръководства
852 ## - Местоположение
Форматна сигнатура Цб 192614
856 4# - Електронен адрес и достъп
Електронен формат pdf - файл
Път до файла /url/
856 4# - Електронен адрес и достъп
Електронен формат pdf - файл
Път до файла /url/
942 ## - АРТИКУЛИ
Вид на библиотечния материал Книги
Скрит в OPAC Не
944 ## - СЪЗДАВАНЕ И РЕДАКЦИЯ на ЗАПИСА
Създаване/Редакция Създаване
Дата на регистрацията/редакция 15.01.2003
Служител, извършил регистрацията/редакцията Людмила_Стоянова
944 ## - СЪЗДАВАНЕ И РЕДАКЦИЯ на ЗАПИСА
Създаване/Редакция Редакция
Дата на регистрацията/редакция 29.09.2003
Служител, извършил регистрацията/редакцията
999 ## - СИСТЕМНИ КОНТРОЛНИ НОМЕРА
Koha biblionumber 15332
Koha biblioitemnumber 15332
Наличности
Код за отписване Код за изгубен артикул Източник на класификационната схема Код за повреда Коз за рестрикции Код за отдаване Артикулен № Име на библиотеката - собственик Име на библиотеката, в която се намира в момента Статус (Текущо местоположение) Дата на вписване в системата Местоположение - отдел Цена в лева Инвентарен номер Систематично азбучна сигнатура Баркод Номер на екземпляра Цена в евро Служебна бележка Служебен тип на артикула
Изтеглен Не е изгубен Universal Decimal Classification Не е повреден без рестрикции заемане за дома 26044 Регионална библиотека "Любен Каравелов" Русе Регионална библиотека "Любен Каравелов" Русе Заемна - подръчен фонд 2001-01-01 Заемна - подръчен фонд 1.80 630763 П 338/Д 44 630763 1 0.92 Дост: Pk Вид: Ф N: стар фонд Дата: 01.01.1996 Дата инв: 05.02.2018 Бележки инв: П2018 Книги
Изтеглен Не е изгубен Universal Decimal Classification Не е повреден без рестрикции заемане за дома 26045 Регионална библиотека "Любен Каравелов" Русе Регионална библиотека "Любен Каравелов" Русе Заемна - подръчен фонд 2001-01-01 Заемна - подръчен фонд 1.80 630764 П 338/Д 44 630764 2 0.92 Дост: Pk Вид: Ф N: стар фонд Дата: 01.01.1996 Дата инв: 05.02.2018 Бележки инв: П2018 Книги
  Не е изгубен Universal Decimal Classification Не е повреден без рестрикции ползва се в читалня 26046 Регионална библиотека "Любен Каравелов" Русе Регионална библиотека "Любен Каравелов" Русе Хранилище 2001-01-01 Хранилище 0.00 631993 Цб 192614 120000631993 3 0.00 Дост: Dp Вид: Д N: стар фонд Дата: 01.01.1996 Книги
Vip Innovations Ltd, Rousse, Bulgaria 2025